| 000 | 00368cam a22001331 4500 | ||
|---|---|---|---|
| 050 | 0 | 0 |
_aTP156.P6 _bA45 |
| 100 | 1 |
_aAlfrey, Turner, _d1918- |
|
| 245 | 1 | 0 | _aMechanical behavior of high polymers. |
| 260 |
_aNew York, _bInterscience Publishers, _c1948. |
||
| 300 | _axiv, 581 p. | ||
| 500 | _aIncludes Index | ||
| 650 | 0 | _bMechanical behavior of high polymers. | |
| 942 | _cGEN | ||
| 999 |
_c2278 _d2278 |
||